Estland Trivia Quiz - Statistieken

Algemene statistieken
  • Deze quiz is 425 keer genomen
  • De gemiddelde score is 11 van 21
Antwoordstatistieken
Hint Antwoord % Correct
Aangrenzende landen Rusland
96%
Hoofdstad Tallinn
95%
Aangrenzende landen Letland
94%
Land waaruit Estland in 1991 onafhankelijk werd Sovjet-Unie
89%
Twee grote internationale organizaties waar Estland zich bij aan sloot in 2004 Europese Unie
86%
Deze golven maken deel uit van deze zee Oostzee
75%
Twee grote internationale organizaties waar Estland zich bij aan sloot in 2004 NAVO
73%
48% van het Estse landoppervlak is bedekt met ... Bossen
71%
Populaire software voor videobellen, ontwikkeld door Esten, gekocht door Microsoft in 2011 Skype
63%
Vóór de Tweede Wereldoorlog behoorde ongeveer 80% van de Esten tot deze tak van het protestantisme. Vandaag is dat minder dan 10%. Lutheranisme
47%
In 2005 werd Estland het eerste land dat dit via internet deed Stemmen
47%
De Estse taal maakt deel uit van deze taalgroep Oostzee{finse} talen
46%
Estland ligt aan deze oceanische golven {Finse} Golf
45%
Valuta gebruikt tussen 1992–2011 Kroon
41%
Estland ligt aan deze oceanische golven Golf van {Riga}
39%
Wat zijn Saaremaa en Hiiumaa? Eilanden
31%
Orde van Germaanse kruisvaarders die gedurende drie eeuwen het grootste deel van Estland regeerde {Duitse} Orde
24%
Grootste en oudste universiteit Universiteit van {Tartu}
23%
Zweedse koning naar wie de universiteit oorspronkelijk is vernoemd {Gustaaf} II Adolf van Zweden
20%
Het op-vier-na-grootste meer van Europa, gevonden aan de oostgrens Peipusmeer
16%
Volgens Hemingway zijn er op elk van deze plaatsen minstens twee Esten te vinden Haven
11%
Geen overeenkomende quizzen gevonden
Scoreverdeling
Procent van Mensen met Elke Score
Percentiel versus Aantal Correcte Antwoorden
Uw Scoregeschiedenis
U heeft deze quiz nog niet genomen